000 00720nab a2200229 4500
003 BR-BrBNA
005 20250610193107.0
008 250610b bl.||||| |||| 00| 0 por d
040 _aBR-BrBNA
_bpor
072 _aF01
100 _aVital, Nicholas
245 _aPara que serve a maconha
_bAgronegócios
500 _a6 illus.
650 _aCÂNHAMO
650 _aCANNABIS SATIVA
650 _aFIBRA VEGETAL
650 _aPLANTA TÊXTIL
650 _aALIMENTO
773 0 _01706
_9347879
_dSão Paulo-SP Editora Três Ltda - E-mail: luizfsa@revistadinheiro.com.br 2004
_o2025-0378
_tDinheiro Rural (Brazil)
_x1807-3700
_gv. 6(54) p. 32-33; (Apr 2009)
_wBR2025001298
942 _cANA
999 _c332006
_d332006